Vocabulary Quiz #2 - Statistics

General Stats
  • This quiz has been taken 25 times
  • The average score is 4 of 8
Answer Stats
Word and Country English Word % Correct
German, Hallo Hello
100%
Poland, Kolor Color
83%
French, pain Bread
78%
Italian, buone Natale Merry Christmas
48%
Indonesian, mobil Car
39%
Romanian, an nou fericit Happy New Year
17%
Spanish, Ferrocarril Railway
13%
Malaysia, Bagus Nice
0%
No matching quizzes found
Score Distribution
Percent of People with Each Score
Percentile by Number Answered
Your Score History
You have not taken this quiz